Richest Countries Of Asia By Years - Statistics

General Stats
  • This quiz has been taken 36 times
  • The average score is 62 of 70
Answer Stats
Year GDP per capita Country % Correct
1965 $928 Japan
100%
1980 $9,659 Japan
100%
1991 $29,512 Japan
100%
2000 $39,172 Japan
100%
2024 $33,138 Japan
100%
1991 $7,637 South Korea
100%
2000 $12,263 South Korea
100%
2024 $34,165 South Korea
100%
1980 $34,188 Qatar
97%
1991 $11,501 Qatar
97%
2000 30,461 Qatar
97%
2024 $81,400 Qatar
97%
1965 $788 Saudi Arabia
97%
1980 $17,108 Saudi Arabia
97%
1991 $8,280 Saudi Arabia
97%
2000 $9,257 Saudi Arabia
97%
2024 $33,040 Saudi Arabia
97%
1980 $40,015 United Arab Emirates
97%
1991 $25,847 United Arab Emirates
97%
2000 $34,689 United Arab Emirates
97%
2024 $53,916 United Arab Emirates
97%
1980 $10,190 Bahrain
94%
1991 $10,252 Bahrain
94%
2000 $14,215 Bahrain
94%
2024 $28,876 Bahrain
94%
1980 $2,439 Iran
94%
1991 $5,446 Iran
94%
2000 $5,777 Iran
94%
1980 $5,358 Oman
94%
1991 $6,806 Oman
94%
2000 $9,266 Oman
94%
2024 $20,913 Oman
94%
1965 $514 Singapore
94%
1980 $5,005 Singapore
94%
1991 $14,502 Singapore
94%
2000 $23,853 Singapore
94%
2024 $88,447 Singapore
94%
1965 1,249 Israel
91%
1980 $6,357 Israel
91%
1991 $13,924 Israel
91%
2000 $21,641 Israel
91%
2024 $53,372 Israel
91%
1965 $4,452 Kuwait
88%
1980 $20,966 Kuwait
88%
1991 $7,961 Kuwait
88%
2000 $17,013 Kuwait
88%
2024 $31,724 Kuwait
88%
1965 $298 Iraq
84%
1980 $3,375 Iraq
84%
1980 $2,261 Brunei
81%
1991 $20,019 Brunei
81%
2000 $20,473 Brunei
81%
2024 $35,111 Brunei
81%
1965 $1,107 Brunei (UK)
81%
1965 $336 Malaysia
81%
1980 $1,927 Malaysia
81%
1991 $2,885 Malaysia
81%
2000 $4,348 Malaysia
81%
2024 $13,315 Malaysia
81%
1965 $528 Turkey
78%
1980 $2,134 Turkey
78%
1991 $3,691 Turkey
78%
2000 $4,238 Turkey
78%
1965 $542 Jordan
75%
2024 $14,778 Kazakhstan
75%
2024 $17,818 Maldives
69%
1980 $4,550 Cyprus
56%
1991 $10,414 Cyprus
56%
2000 $14,465 Cyprus
56%
2024 $37,149 Cyprus
56%
No matching quizzes found
Score Distribution
Percent of People with Each Score
Percentile by Number Answered
Your Score History
You have not taken this quiz